<?xml version="1.0" encoding="UTF-8"?>
<collection xmlns="http://www.loc.gov/MARC21/slim">
    <record>
        <controlfield tag="001">65579</controlfield>
        <controlfield tag="005">20180219131718.0</controlfield>
        <datafield tag="037" ind1=" " ind2=" ">
            <subfield code="a">TAZ-PFC-2017-124</subfield>
        </datafield>
        <datafield tag="041" ind1=" " ind2=" ">
            <subfield code="a">spa</subfield>
        </datafield>
        <datafield tag="100" ind1="1" ind2=" ">
            <subfield code="a">ESPIAU RAMIREZ, MARIA TERESA</subfield>
        </datafield>
        <datafield tag="242" ind1="0" ind2="0">
            <subfield code="a">MORPHOLOGICAL CHARACTERIZATION OF SPANISH PEAR CULTIVARS AT THE FRUIT GERMPLASM BANK IN CITA OF ARAGON</subfield>
        </datafield>
        <datafield tag="245" ind1="0" ind2="0">
            <subfield code="a">CARACTERIZACIÓN AGROMORFOLÓGICA DE  VARIEDADES ESPAÑOLAS DE PERAL DEL BANCO DE GERMOPLASMA DEL CITA DE ARAGÓN</subfield>
        </datafield>
        <datafield tag="260" ind1=" " ind2=" ">
            <subfield code="a">Zaragoza</subfield>
            <subfield code="b">Universidad de Zaragoza</subfield>
            <subfield code="c">2017</subfield>
        </datafield>
        <datafield tag="500" ind1=" " ind2=" ">
            <subfield code="a">Se aporta en secretaría material físico</subfield>
        </datafield>
        <datafield tag="506" ind1=" " ind2=" ">
            <subfield code="a">by-nc-sa</subfield>
            <subfield code="b">Creative Commons</subfield>
            <subfield code="c">3.0</subfield>
            <subfield code="u">http://creativecommons.org/licenses/by-nc-sa/3.0/</subfield>
        </datafield>
        <datafield tag="520" ind1=" " ind2=" ">
            <subfield code="a">En el presente estudio se ha realizado la caracterización genotípica de 34 variedades españolas de la colección de peral del Banco de Germoplasma del CITA junto con otras 39 variedades internacionales de referencia, en base a 50 descriptores fenológicos y morfológicos de flor, hoja y fruto. Se han encontrado 4 caracteres correlacionados positivamente (‘longitud del limbo’ y ‘anchura del limbo’, ‘fecha de maduración’ y ‘tamaño del fruto’, ‘russeting calicino y russeting medio’, y ‘russeting medio y russeting peduncular’) y un carácter correlacionado negativamente (‘anchura del limbo’ y la ‘relación longitud/anchura del limbo’). Los caracteres que más coeficiente de varianza han mostrado han sido ‘distancia de las estípulas a la base’, ‘tamaño del fruto’, ‘longitud del ápice del limbo’, ‘firmeza’ y ‘acidez’. Las variedades españolas han resultado más precoces en floración y en maduración como promedio que las variedades internacionales y han mostrado algunas diferencias morfológicas respecto de estas: mayor tamaño de pétalo, menor tamaño de fruto, forma de fruto más achatada y menor incidencia de russeting en la epidermis, y posición de los sépalos del fruto mayoritariamente divergentes. El dendograma obtenido a partir de esta caracterización no ha agrupado a las variedades por origen geográfico, no obstante un grupo reducido de variedades españolas (‘Don Guindo’ y ‘L-3.2.10’ ‘Duquesa Barreda’, ‘Limón de Verano’, ‘Malacara’, ‘Tocinera’ y ‘Magallón’) ha mostrado una mayor distancia morfológica respecto del resto de variedades del estudio.</subfield>
        </datafield>
        <datafield tag="521" ind1=" " ind2=" ">
            <subfield code="a">Ingeniero Agrónomo (segundo ciclo) (en extinción)</subfield>
        </datafield>
        <datafield tag="540" ind1=" " ind2=" ">
            <subfield code="a">Derechos regulados por licencia Creative Commons</subfield>
        </datafield>
        <datafield tag="700" ind1=" " ind2=" ">
            <subfield code="a">ALONSO SEGURA, JOSE MANUEL</subfield>
            <subfield code="e">dir.</subfield>
        </datafield>
        <datafield tag="710" ind1="2" ind2=" ">
            <subfield code="a">Universidad de Zaragoza</subfield>
            <subfield code="b">Ciencias Agrarias y del Medio Natural</subfield>
            <subfield code="c"></subfield>
        </datafield>
        <datafield tag="720" ind1="2" ind2=" ">
            <subfield code="a">CASANOVA GASCÓN, JOSÉ</subfield>
            <subfield code="e">ponente</subfield>
        </datafield>
        <datafield tag="856" ind1="0" ind2=" ">
            <subfield code="f">100357@celes.unizar.es</subfield>
        </datafield>
        <datafield tag="856" ind1="4" ind2=" ">
            <subfield code="s">4186074</subfield>
            <subfield code="u">http://zaguan.unizar.es/record/65579/files/TAZ-PFC-2017-124.pdf</subfield>
            <subfield code="y">Memoria (spa)</subfield>
        </datafield>
        <datafield tag="909" ind1="C" ind2="O">
            <subfield code="o">oai:zaguan.unizar.es:65579</subfield>
            <subfield code="p">proyectos-fin-carrera</subfield>
            <subfield code="p">driver</subfield>
        </datafield>
        <datafield tag="950" ind1=" " ind2=" ">
            <subfield code="a"></subfield>
        </datafield>
        <datafield tag="951" ind1=" " ind2=" ">
            <subfield code="a">deposita:2018-02-17</subfield>
        </datafield>
        <datafield tag="980" ind1=" " ind2=" ">
            <subfield code="a">TAZ</subfield>
            <subfield code="b">PFC</subfield>
            <subfield code="c">EPSHUES</subfield>
        </datafield>
    </record>

    
</collection>